000 00557nmm a2200193Ia 4500
008 251105s9999||||xx |||||||||||||||||und||
020 _a9788418128677
041 _aspa
100 _aMazzanti, Marcelo E.
245 0 _aLa estafadora
264 _a[Madrid, España] :
_bDuomo ediciones,
_c[Fecha de publicación no identificada]
300 _a0 páginas
490 _aDuomo bolsillo
650 _aLiterature
700 _aMazzanti, Marcelo E.
700 1 _a Brown, Janelle
856 _uhttps://public.digitaliapublishing.com/a/82484
942 _cCF
999 _c68677
_d68677